Ionization methods in organic mass spectrometry /

Gespeichert in:
Bibliographische Detailangaben
1. Verfasser: Ashcroft, Alison E.
Körperschaft: Royal Society of Chemistry (Great Britain)
Format: Buch
Sprache:Englisch
Veröffentlicht: Cambridge, UK Royal Society of Chemistry c1997.
Schriftenreihe:RSC analytical spectroscopy monographs
Schlagworte:
Online-Zugang:Im OPAC anzeigen
Tags: Tag hinzufügen
Keine Tags, Fügen Sie das erste Tag hinzu!

MARC

LEADER 00000cam a2200000 a 4500
005 20260127134205.0
008 050518s1997 enka b 001 0 eng d
010 |a 2003-389072 
020 |a 0854045708 
035 |a vtls008154809 
035 |a 12965001 
039 9 |y 200505181204  |z mschk03 
040 |a STUSCHK1  |b slo  |c STUSCHK1 
042 |a lccopycat 
070 0 |a QD96.M3A84  |b 1997 
082 0 0 |a 543/.65  |2 22 
100 1 |a Ashcroft, Alison E. 
245 1 0 |a Ionization methods in organic mass spectrometry /  |c Alison E. Ashcroft. 
260 |a Cambridge, UK  |b Royal Society of Chemistry  |c c1997. 
300 |a x, 176 p. :  |b ill. ;  |c 24 cm. 
440 0 |a RSC analytical spectroscopy monographs 
504 |a Includes bibliographical references and index. 
650 0 |a Chemical ionization mass spectrometry. 
650 0 |a Organic compounds  |x Analysis. 
710 2 |a Royal Society of Chemistry (Great Britain) 
906 |a 7  |b cbc  |c copycat  |d 2  |e ncip  |f 20  |g y-gencatlg 
910 |a SCHK95 
919 |a 0-85404-570-8 
925 0 |a acquire  |b 2 shelf copies  |x policy default 
999 |c 6276  |d 6276